| 000 | 00878nam a22002657a 4500 | ||
|---|---|---|---|
| 003 | UA-OsUOA | ||
| 001 | 24178 | ||
| 007 | ta | ||
| 008 | 20040210b un ||||| |||| 00| 0 ukr d | ||
| 100 | _aФаер Сергей | ||
| 090 |
_a324 _bФ15 |
||
| 942 | _cBK | ||
| 040 |
_aUA-OsUOA _brus _cUA-OsUOA _dUA-OsUOA |
||
| 245 |
_aПриемы стратегии и тактики предвыборной борьбы _bPR-секреты общественных отношений."Ловушки" в конкурентной борьбе.Механизмы политической карьеры. |
||
| 300 | _a136 с. | ||
| 955 | _a0 | ||
| 041 | _arus | ||
| 080 | _a324 | ||
| 020 | _a966-7752-62-3 | ||
| 260 |
_aКиев _bИздательский Дом"Ин Юре" _c2001 |
||
| 044 | _aRU | ||
| 250 | _nИзд. 2-е | ||
| 650 | 7 | _2UDC | |
| 999 |
_c310443 _d310443 |
||